Organisation und Betrieb der verteilten Datenverarbeitung 7. Gl-Fachgespräch über Rechenzentren München, 5.-6. März 1987

Salvato in:
Dettagli Bibliografici
Altri autori: Peischl, F.
Natura: Libro
Lingua:tedesco
Pubblicazione: Berlin Springer 1987
Edizione:1. Aufl.
Tags: Aggiungi Tag
Nessun Tag, puoi essere il primo ad aggiungerne!!

MARC

LEADER 00000nam a2200000 4500
001 c039213
005 20221206140248.5
041 0 |a ger 
044 |a DE 
245 1 0 |a Organisation und Betrieb der verteilten Datenverarbeitung  |b 7. Gl-Fachgespräch über Rechenzentren München, 5.-6. März 1987  |c Red. F. Peischl 
250 |a 1. Aufl. 
264 1 |a Berlin  |b Springer  |c 1987 
300 |a 218 s. 
700 1 |a Peischl, F.